Statystyki dla Liczby atomowe pierwiastkow chemicznych Klasa 7 cz.2

Kliknij tutaj aby rozwiązać quiz!

Ogólne statystyki

  • Ten quiz został rozwiązany 12 razy
  • Średni wynik to 24 z 37

Statystyki odpowiedzi

LiczbaPierwiastek% Poprawnych
6C
100%
1H
100%
5B
91%
8F
91%
2He
91%
19K
91%
7N
91%
15P
91%
4Be
82%
3Li
82%
47Ag
73%
79Au
73%
17Cl
73%
80Hg
73%
53I
73%
12Mg
73%
25Mn
73%
16S
73%
14Si
73%
13Al
64%
35Br
64%
24Cr
64%
26Fe
64%
18Ar
55%
56Ba
55%
20Ca
55%
29Cu
55%
9Ne
55%
82Pb
55%
30Zn
55%
10Na
45%
28Ni
36%
78Pt
36%
50Sn
36%
36Kr
27%
38Sr
27%
PusteNIE MA NIC
0%

Rozkład punktacji

Percentyl według liczby udzielonych odpowiedzi

Procent ludzi z każdym wynikiem

Twoja historia wyników

Nie rozwiązałeś tego quizu